Bibliografía de Enrique Piñeyro / (Record no. 120083)

MARC details
000 -LEADER
campo de control de longitud fija 00959nam a2200241 4500
001 - NÚMERO DE CONTROL
campo de control 120083
003 - IDENTIFICADOR DE NÚMERO DE CONTROL
campo de control ES-MaACL
005 - FECHA Y HORA DE LA ÚLTIMA TRANSACCIÓN
campo de control 20250508214046.0
007 - CAMPO FIJO DE DESCRIPCIÓN FÍSICA--INFORMACIÓN GENERAL
campo de control de longitud fija t|
008 - DATOS DE LONGITUD FIJA--INFORMACIÓN GENERAL
campo de control de longitud fija 070214s1924 cu r ||||1| spa d
080 ## - NÚMERO DE LA CLASIFICACIÓN DECIMAL UNIVERSAL
Número de la Clasificación Decimal Universal 12 Piñeyro, Enrique
245 00 - MENCIÓN DEL TÍTULO
Título Bibliografía de Enrique Piñeyro /
Mención de responsabilidad, etc. con una introducción, notas y un complemento por Domingo Figarola-Caneda.
260 ## - PUBLICACIÓN, DISTRIBUCIÓN, ETC.
Lugar de publicación, distribución, etc. La Habana :
Nombre del editor, distribuidor, etc. Academia de la Historia :
-- El Siglo XX,
Fecha de publicación, distribución, etc. 1924.
300 ## - DESCRIPCIÓN FÍSICA
Extensión XXVIII, 98 p. ;
Dimensiones 28 x 21 cm.
530 ## - NOTA DISPONIBLE DE FORMULARIO FÍSICO ADICIONAL
Nota de formato físico adicional disponible Disponible en formato digital
600 04 - PUNTO DE ACCESO ADICIONAL DE MATERIA--NOMBRE DE PERSONA
Nombre de persona Piñeyro, Enrique.
9 (RLIN) 92287
700 1# - ENTRADA AGREGADA--NOMBRE PERSONAL
Nombre de persona Figarola-Caneda, Domingo.
9 (RLIN) 50736
Término indicativo de función/relación Editor literario
710 2# - ENTRADA AGREGADA--NOMBRE DE ENTIDAD CORPORATIVA
Nombre de entidad corporativa o nombre de jurisdicción como elemento de entrada Academia de la Historia de Cuba.
9 (RLIN) 1183
Término indicativo de función/relación Editor
852 ## - LOCALIZACIÓN
Ubicación ES-MaACL
Número de control de estantería 1679-F-12
Ubicación en estantería Depósito folletos
Nota libre Revisado enlace: 02 de Abril de 2025
itemnumber 124561
856 ## - LOCALIZACIÓN Y ACCESO ELECTRÓNICOS
Identificador Uniforme de Recursos <a href="https://bdh-rd.bne.es/viewer.vm?id=0000041946&page=1">https://bdh-rd.bne.es/viewer.vm?id=0000041946&page=1</a>
Texto de enlace Versión en línea
Nota pública (Biblioteca Digital Hispánica)
942 ## - ELEMENTOS DE ENTRADA SECUNDARIOS (KOHA)
Fuente del sistema de clasificación o colocación Clasificación decimal universal
Holdings
Estatus retirado Estado de pérdida Estado de daño No para préstamo Colección Biblioteca de origen Biblioteca actual Ubicación en estantería Fecha de adquisición Fuente de adquisición Total de préstamos Signatura topográfica completa Código de barras Visto por última vez Precio de reemplazo Tipo de ítem Koha
        Colección de folletos Biblioteca del Ateneo de Madrid Biblioteca del Ateneo de Madrid Depósito folletos 17/01/2008     1679-F-12 1125167 23/02/2023 23/02/2023 Folleto